000 00343 a2200145 4500
001 153599
040 _cEscola São Tomás de Aquino
100 _aLIMA, Aristides Fraga
240 1 0 _aOs pequenos jangadeiros
_lpor
245 1 0 _aOs pequenos jangadeiros
362 0 _a1993
440 1 _aÁtica
697 _a*LITERATURA JUVENIL
942 _cBK
999 _c153599
_d153599